Nasıl bir eğitim istiyoruz?/ (Record no. 8504)
[ view plain ]
| 000 -BAŞLIK | |
|---|---|
| Sabit Uzunlukta Kontrol Alanı | 00602nam a22002177a 4500 |
| 999 ## - SİSTEM KONTROL NUMARALARI (KOHA) | |
| Koha Biblionumber | 8504 |
| Koha Biblioitemnumber | 8504 |
| 003 - KONTROL NUMARASI IDENTIFIER | |
| Denetim Alanı | MIRAKIL |
| 005 - SON İŞLEM TARİHİ VE ZAMANI | |
| Denetim Alanı | 20211005145610.0 |
| 008 - SABİT-BOY VERİ ELEMANLARI - GENEL BİLGİLER | |
| Sabit Uzunlukta Kontrol Alanı | 211005b tu ||||| |||| 00| 0 tur d |
| 035 ## - SİSTEM KONTROL NUMARASI | |
| Sistem Kontrol Numarası | 19966 |
| 040 ## - KATALOGLAMA KAYNAK | |
| Orijinal Kataloglama Ajansı | TR-AnCHP |
| Kataloglama Dili | tur |
| Metne Dönüştürmek Ajansı | TR-AnCHP |
| 041 ## - DİL KODU | |
| Metin / Ses Parça Veya Ayrı Başlığın Dil Kodu | tur |
| 082 ## - DEWEY ONLU SINIFLANDIRMA NUMARASI | |
| Sınıflandırma Numarası | 370.956 |
| Ürün Numarası | T25n 1988 |
| 100 ## - ANA GİRİŞ - KİŞİSEL İSİM | |
| Kişisel Ad | Tanilli, Server |
| 245 ## - BAŞLIK TABLOSU | |
| Başlık | Nasıl bir eğitim istiyoruz?/ |
| Sorumluluk Tablosu, Vb | Server Tanilli. |
| 260 ## - YAYIN, DAĞITIM, VB | |
| Yayın, Dağıtım, Vb Yeri | İstanbul: |
| Yayıncı, Dağıtıcı, Vs Adı | Amaç Yayıncılık, |
| Yayın, Dağıtım, Vb Tarihi | 1988. |
| 300 ## - FİZİKSEL TANIM | |
| Kapsam | 221 s.: |
| Boyutlar | 20 sm. |
| 440 ## - SERİSİ TABLOSU / KATMA GİRİŞİ - BAŞLIK | |
| Başlık | Amaç Yayıncılık |
| Hacim / Ardışık Tanımı | 13 |
| 490 ## - SERİSİ TABLOSU | |
| Seri Beyanı | Eğitim Dizisi |
| Hacim / Ardışık Tanımı | 1. |
| 650 #0 - KONU KATMA GİRİŞ - TOPİKAL DÖNEM | |
| Topikal Süreli Veya Coğrafi Ad Giriş Elemanı | Eğitim |
| Genel Alt Bölümü | Türkiye |
| 9 (RLIN) | 392 |
| Kronolojik Alt Bölümü | Tarih |
| 942 ## - EKLENDİ GİRİŞ ELEMANLARI (KOHA) | |
| Sınıflandırma Veya Raf Düzeni Kaynak | Dewey Decimal Classification |
| Koha Öğesi Türü | Books |
| Kalıcı Konum | Mevcut Konum | Edinme Tarihi | Edinim Kaynak | Toplam Check-Out'Lar | Toplam Yenileme | Tam Çağrı Numarası | Barkod | Tarih Son Görülme | Tarihi Geçen Teslim | İtibaren Geçerli Fiyatlar | Koha Öğesi Türü |
|---|---|---|---|---|---|---|---|---|---|---|---|
| CHP Kütüphanesi | CHP Kütüphanesi | 12/29/2016 | Bağış | 1 | 3 | 370.956 T25n 1988 | 020027 | 09/23/2021 | 02/04/2019 | 12/29/2016 | Books |
